000 00886nam a2200265Ia 4500
005 20251020182459.0
008 200515s9999 xx 000 0 und d
020 _a84-282-0416-0
082 _a624:699:88/B35
100 _aBeles, Aurel A.
100 _aGarcía Yagüe, A.
100 _aIfrim, Mihail D.
245 0 _aElementos de ingeniería sísmica
260 _aBarcelona
260 _bOMEGA
260 _c1975
300 _a527 p.
300 _bil., tbl., graf., map.
500 _a1 ejemplar
520 _aContiene teoría y métodos de cálculo, también experiencias del comportamiento real de las estructuras durante terremotos de gran magnitud, esto ha permitido aceptar como válidas las hipótesis simplificadoras inducidas en las ecuaciones básicas del movimie
650 _aDISEÑO SISMORESISTENTE
650 _aSISMOS
942 _cLIB
999 _c1104
_d1104